Obras escogidas / (Registro nro. 5418)

Detalles MARC
000 -LEADER
fixed length control field 01264nam a2200313Ia 4500
003 - CONTROL NUMBER IDENTIFIER
control field OSt
005 - DATE AND TIME OF LATEST TRANSACTION
control field 20200521130014.0
008 - FIXED-LENGTH DATA ELEMENTS--GENERAL INFORMATION
fixed length control field 191128s1949 mx gr 000 0dspa d
040 ## - CATALOGING SOURCE
Original cataloging agency CO-JMCR
Transcribing agency CO-JMCR
041 1# - LANGUAGE CODE
Language code of text/sound track or separate title spa
Language code of original eng
082 04 - DEWEY DECIMAL CLASSIFICATION NUMBER
Classification number 330.092 /
Item number M363o
Edition number 23
100 1# - MAIN ENTRY--PERSONAL NAME
Personal name Marshall, Alfredo,
Relator term autor
9 (RLIN) 4673
245 10 - TITLE STATEMENT
Title Obras escogidas /
Statement of responsibility, etc. Alfredo Marshall ; introducción de J. M. Keynes ; selección de C. W. Guillebaud ; versión española de D. Fernández-Shaw
250 ## - EDITION STATEMENT
Edition statement Primera edición
260 ## - PUBLICATION, DISTRIBUTION, ETC.
Place of publication, distribution, etc. México :
Name of publisher, distributor, etc. Fondo de Cultura Económica,
Date of publication, distribution, etc. 1949
300 ## - PHYSICAL DESCRIPTION
Extent lxxxiii, 294 páginas ;
Dimensions 24 cm.
490 0# - SERIES STATEMENT
Series statement Sección de obras de economía. Las obras maestras ;
Volume/sequential designation 1
504 ## - BIBLIOGRAPHY, ETC. NOTE
Bibliography, etc. note Bibliografía: páginas 281-292.
505 ## - FORMATTED CONTENTS NOTE
Formatted contents note Teoría del valor -- Moneda y precios -- Comercio internacional -- Bienestar social -- Historia y geografía económicas
534 ## - ORIGINAL VERSION NOTE
Introductory phrase Essays in biography
546 ## - LANGUAGE NOTE
Language note Traducido del inglés
650 14 - SUBJECT ADDED ENTRY--TOPICAL TERM
Topical term or geographic name entry element Teoría del valor
9 (RLIN) 4674
650 24 - SUBJECT ADDED ENTRY--TOPICAL TERM
Topical term or geographic name entry element Comercio internacional
9 (RLIN) 4034
650 24 - SUBJECT ADDED ENTRY--TOPICAL TERM
Topical term or geographic name entry element Economía Industria Comercio
9 (RLIN) 4675
700 1# - ADDED ENTRY--PERSONAL NAME
Personal name Keynes, J. M. ,
Relator term introducción
9 (RLIN) 4627
700 1# - ADDED ENTRY--PERSONAL NAME
Personal name Guillebaud, C. W.,
Relator term selector
9 (RLIN) 4676
700 1# - ADDED ENTRY--PERSONAL NAME
Personal name Fernández-Shaw, D.,
Relator term traductor
9 (RLIN) 4677
942 ## - ADDED ENTRY ELEMENTS (KOHA)
Source of classification or shelving scheme Dewey Decimal Classification
Koha item type Books
Existencias
Withdrawn status Lost status Source of classification or shelving scheme Materials specified (bound volume or other part) Damaged status Not for loan Home library Current library Shelving location Date acquired Source of acquisition Cost, normal purchase price Total Checkouts Full call number Barcode Date last seen Copy number Price effective from Koha item type
    Dewey Decimal Classification Donación--15/04/2018--     Biblioteca Pública José María del Castillo y Rada Biblioteca Pública José María del Castillo y Rada General Stacks 11/28/2019 Donación 0.00   330.092 / M363o 430001881 05/16/2024 Ej.1 11/28/2019 Books